Largest Cities on the US East Coast. - Statistics

General Stats
  • This quiz has been taken 137 times
  • The average score is 9 of 9
Answer Stats
Population City State % Correct
6.1 million Miami Florida
100%
5.3 million Washington DC District of Columbia
100%
18.8 million New York City New York
99%
2.3 million Baltimore Maryland
98%
4.3 million Boston Massachusetts
98%
1.6 million Philadelphia Pennsylvania
98%
1.2 million Jacksonville Florida
95%
1.4 million Norfolk/Virginia Beach Virginia
85%
1.2 million Providence Rhode Island
84%
No matching quizzes found
Score Distribution
Percent of People with Each Score
Percentile by Number Answered
Your Score History
You have not taken this quiz